[Event "España ch Universitario 2007"]
[Site "Cartagena ESP"]
[Date "2007.05.09"]
[Round "7.11"]
[White "Lara Lopez, Jose"]
[Black "Lopez Del Alamo, Antonio"]
[Result "1/2-1/2"]
[WhiteElo "2173"]
[BlackElo "2289"]
[PlyCount "127"]
[EventDate "2007.05.06"]
[EventType "swiss"]
[EventRounds "9"]
[EventCountry "ESP"]
[Source "lmi"]
[SourceDate "2007.05.06"]

1. e4 e6 2. d4 d5 3. e5 c5 4. c3 Qb6 5. Nf3 Bd7 6. a3 a5 7. b3 Nc6 8. Be3 Nh6
9. Bd3 c4 10. Bc2 cxb3 11. Bxb3 a4 12. Bxa4 Qb2 13. Bxc6 Bxc6 14. Nbd2 Nf5 15.
O-O Qxc3 16. Qe2 Rxa3 17. Rxa3 Bxa3 18. g4 Nxe3 19. fxe3 Bc1 20. Qf2 O-O 21.
Re1 f6 22. exf6 Bxd2 23. Qxd2 Qxd2 24. Nxd2 gxf6 25. Nb3 Kf7 26. Kg2 Ra8 27.
Kf3 e5 28. Rb1 Ra3 29. Kf2 Ra2+ 30. Kg3 Re2 31. Kf3 Rxh2 32. Na5 e4+ 33. Kg3
Re2 34. Rb3 Kg6 35. Kh4 Ra2 36. Nxb7 Bxb7 37. Rxb7 Ra3 38. Rb5 Rxe3 39. Rxd5
Rd3 40. Rd6 h6 41. d5 Rd4 42. Re6 Rxd5 43. Rxe4 Rd1 44. Ra4 Rh1+ 45. Kg3 Rg1+
46. Kf4 Rf1+ 47. Kg3 h5 48. gxh5+ Kxh5 49. Rf4 Rg1+ 50. Kh3 Kg5 51. Rf3 Ra1 52.
Kg3 f5 53. Rb3 Rd1 54. Ra3 Rd4 55. Rb3 Rg4+ 56. Kf3 Rh4 57. Rb8 Rh3+ 58. Kg2
Ra3 59. Rb4 Ra5 60. Rc4 f4 61. Rc8 Re5 62. Rf8 Kg4 63. Kf2 Ra5 64. Rg8+ 1/2-1/2

[Event "España ch Universitario 2007"]
[Site "Cartagena ESP"]
[Date "2007.05.09"]
[Round "7.12"]
[White "Alcazar Jimenez, Jesus Alberto"]
[Black "Perez De Miguel, Alvaro"]
[Result "1-0"]
[WhiteElo "2274"]
[BlackElo "2098"]
[PlyCount "143"]
[EventDate "2007.05.06"]
[EventType "swiss"]
[EventRounds "9"]
[EventCountry "ESP"]
[Source "lmi"]
[SourceDate "2007.05.06"]

1. e4 c6 2. Ne2 d5 3. e5 c5 4. d4 cxd4 5. Nxd4 e6 6. Bb5+ Bd7 7. O-O Bxb5 8.
Nxb5 a6 9. Nd4 Ne7 10. Kh1 Nec6 11. Nc3 Nd7 12. Nxc6 bxc6 13. f4 g6 14. Bd2 Be7
15. Qf3 h5 16. Rae1 Nc5 17. b3 Qc7 18. Bc1 Rd8 19. g3 Qb6 20. Qf2 Qa5 21. Bd2
Qc7 22. Be3 Qa5 23. Bd2 Qc7 24. Kg2 Rd7 25. Be3 Qa5 26. Bd2 Qc7 27. h3 Qd8 28.
b4 Nb7 29. Na4 d4 30. Nb2 Rd5 31. Qe2 Qb6 32. Nc4 Qc7 33. a4 Bd8 34. Qe4 Qd7
35. Rb1 Bc7 36. Qd3 a5 37. Nxa5 Bxa5 38. bxa5 Nc5 39. Qc4 O-O 40. Bb4 Qa7 41.
Rfd1 Rfd8 42. a6 d3 43. c3 d2 44. Ba5 R8d7 45. Bb6 Qxa6 46. Qxa6 Nxa6 47. Rb2
Rd3 48. Rc2 Kg7 49. Kf2 h4 50. gxh4 Rxh3 51. Rcxd2 Rh2+ 52. Ke3 Rh3+ 53. Ke4
Rxd2 54. Rxd2 Rxc3 55. a5 Rc4+ 56. Kf3 Nb4 57. Bd8 Nd5 58. Ra2 Rxf4+ 59. Kg3
Rb4 60. a6 Rb8 61. Bg5 Ra8 62. a7 c5 63. Kf3 Nb4 64. Ra5 Nd5 65. Be3 Nxe3 66.
Kxe3 Kf8 67. Kd3 Ke7 68. Kc4 Kd7 69. Kxc5 Kc7 70. Ra4 Kb7 71. Kd6 Rc8 72. a8=Q+
1-0

[Event "España ch Universitario 2007"]
[Site "Cartagena ESP"]
[Date "2007.05.09"]
[Round "7.14"]
[White "Garcia Castro, Pablo"]
[Black "Alberola Mulet, Jairo"]
[Result "1-0"]
[WhiteElo "2379"]
[BlackElo "2171"]
[PlyCount "53"]
[EventDate "2007.05.06"]
[EventType "swiss"]
[EventRounds "9"]
[EventCountry "ESP"]
[Source "lmi"]
[SourceDate "2007.05.06"]

1. e4 e6 2. d3 d5 3. Nd2 Nf6 4. Ngf3 Nc6 5. Be2 dxe4 6. dxe4 e5 7. O-O Bc5 8.
c3 a5 9. Qc2 Qe7 10. a4 O-O 11. Nc4 b6 12. Re1 Bb7 13. Nh4 Rfd8 14. Nf5 Qe6 15.
Nfe3 Ne7 16. Bf3 Ng6 17. Nd2 Nh4 18. Bd1 Rxd2 19. Qxd2 Nxe4 20. Qe2 Ng5 21. Qg4
Bxe3 22. Bxe3 Nxg2 23. Qxe6 Nxe6 24. Re2 Nxe3 25. Rxe3 f6 26. Bb3 Kf7 27. c4
1-0

[Event "España ch Universitario 2007"]
[Site "Cartagena ESP"]
[Date "2007.05.09"]
[Round "7.15"]
[White "Peñalosa Pinillas, Jesus"]
[Black "Antoli Royo, Joaquin Miguel"]
[Result "1/2-1/2"]
[WhiteElo "2201"]
[BlackElo "2356"]
[PlyCount "68"]
[EventDate "2007.05.06"]
[EventType "swiss"]
[EventRounds "9"]
[EventCountry "ESP"]
[Source "lmi"]
[SourceDate "2007.05.06"]

1. e4 c5 2. Nf3 Nc6 3. d4 cxd4 4. Nxd4 Qc7 5. Nc3 e6 6. Be2 a6 7. O-O b5 8.
Nxc6 dxc6 9. Be3 e5 10. f4 Bd6 11. f5 Nf6 12. Bf3 Bb7 13. Qe2 b4 14. Na4 c5 15.
Bf2 Bc6 16. Nxc5 Bxc5 17. Bxc5 Bb5 18. Qe3 Bxf1 19. Rxf1 a5 20. Rd1 Nd7 21. Rd5
Nxc5 22. Rxc5 Qe7 23. c4 O-O 24. Be2 f6 25. Rd5 Qa7 26. Kf2 Qxe3+ 27. Kxe3 Rfd8
28. c5 Kf7 29. Kd3 Ke7 30. Kc4 g6 31. Bg4 Rab8 32. Bh3 g5 33. Bg4 h5 34. Bd1 g4
1/2-1/2

[Event "España ch Universitario 2007"]
[Site "Cartagena ESP"]
[Date "2007.05.09"]
[Round "7.16"]
[White "Rosa Cintas, Raul"]
[Black "Camacho Collados, Jose"]
[Result "1-0"]
[WhiteElo "2192"]
[BlackElo "2308"]
[PlyCount "79"]
[EventDate "2007.05.06"]
[EventType "swiss"]
[EventRounds "9"]
[EventCountry "ESP"]
[Source "lmi"]
[SourceDate "2007.05.06"]

1. d4 Nf6 2. Nf3 g6 3. g3 Bg7 4. Bg2 O-O 5. O-O d5 6. c4 dxc4 7. Na3 Nc6 8.
Nxc4 Be6 9. b3 a5 10. Bb2 Bd5 11. Ne3 Be4 12. Ne5 Bxg2 13. Kxg2 Nd5 14. N3c4
Nxe5 15. Nxe5 a4 16. Rb1 a3 17. Ba1 Nb4 18. Nf3 Qd6 19. Qd2 Rfd8 20. Rfd1 c5
21. e3 cxd4 22. exd4 Rac8 23. Rbc1 e5 24. Rxc8 Rxc8 25. dxe5 Qb6 26. Bd4 Qb5
27. Bc3 Nc6 28. e6 Bxc3 29. exf7+ Kxf7 30. Qxc3 Qf5 31. Qc4+ Kg7 32. Rd5 Qf6
33. Rd7+ Kh8 34. Rf7 Qd8 35. Qc3+ Nd4 36. Qxd4+ Qxd4 37. Nxd4 Rd8 38. Nb5 Rd2
39. Nxa3 Rxa2 40. Nc4 1-0

[Event "España ch Universitario 2007"]
[Site "Cartagena ESP"]
[Date "2007.05.09"]
[Round "7.17"]
[White "Claros Egea, Christian"]
[Black "Villar Nieves, Antonio"]
[Result "1-0"]
[WhiteElo "2273"]
[BlackElo "2183"]
[PlyCount "83"]
[EventDate "2007.05.06"]
[EventType "swiss"]
[EventRounds "9"]
[EventCountry "ESP"]
[Source "lmi"]
[SourceDate "2007.05.06"]

1. e4 c5 2. Nf3 Nc6 3. d4 cxd4 4. Nxd4 Nf6 5. Nc3 e5 6. Ndb5 d6 7. Bg5 a6 8.
Na3 b5 9. Bxf6 gxf6 10. Nd5 Bg7 11. g3 f5 12. exf5 Bxf5 13. Bg2 Rc8 14. c3 O-O
15. Qd2 e4 16. O-O Bg6 17. Nf4 Qe7 18. Nxg6 hxg6 19. Rfe1 f5 20. f3 Qa7+ 21.
Kh1 exf3 22. Bxf3 Ne5 23. Bd5+ Kh7 24. Nc2 Ng4 25. Nb4 Bf6 26. Re2 Kg7 27. Nc6
Qc5 28. h3 Ne5 29. b4 Qb6 30. Nd4 Kh7 31. h4 Ng4 32. h5 Rh8 33. Rae1 Rc7 34.
Re8 Rxe8 35. Rxe8 Re7 36. Rxe7+ Bxe7 37. hxg6+ Kxg6 38. Qe2 Bf6 39. Qe8+ Kh7
40. Qg8+ Kh6 41. Nxf5+ Kh5 42. Bf7# 1-0

[Event "España ch Universitario 2007"]
[Site "Cartagena ESP"]
[Date "2007.05.09"]
[Round "7.18"]
[White "Alonso Alvarez, Aitor"]
[Black "Rodriguez Fontecha, Marcos"]
[Result "1-0"]
[WhiteElo "2165"]
[BlackElo "2241"]
[PlyCount "71"]
[EventDate "2007.05.06"]
[EventType "swiss"]
[EventRounds "9"]
[EventCountry "ESP"]
[Source "lmi"]
[SourceDate "2007.05.06"]

1. e4 e6 2. d4 d5 3. e5 c5 4. c3 Nc6 5. Nf3 Qb6 6. Be2 cxd4 7. cxd4 Nh6 8. Nc3
Nf5 9. Na4 Bb4+ 10. Kf1 Qa5 11. a3 Be7 12. b4 Qd8 13. g4 Nh4 14. Nxh4 Bxh4 15.
Kg2 f6 16. f4 O-O 17. Be3 Ne7 18. Qd2 Ng6 19. Rhf1 b6 20. Nc3 Bb7 21. Kg1 a6
22. Rac1 Qd7 23. b5 Rfc8 24. Qb2 fxe5 25. fxe5 Be7 26. Rcd1 axb5 27. Nxb5 Bc6
28. Qb3 Bb7 29. a4 Rc6 30. Bd3 Nf8 31. Rf3 Ba6 32. Rdf1 Qe8 33. Rh3 Ng6 34. Qd1
Bf8 35. g5 h6 36. gxh6 1-0

[Event "España ch Universitario 2007"]
[Site "Cartagena ESP"]
[Date "2007.05.09"]
[Round "7.19"]
[White "Romon Poves, Raul"]
[Black "Ruiz Maraña, Alejandro"]
[Result "1/2-1/2"]
[WhiteElo "2216"]
[BlackElo "2134"]
[PlyCount "131"]
[EventDate "2007.05.06"]
[EventType "swiss"]
[EventRounds "9"]
[EventCountry "ESP"]
[Source "lmi"]
[SourceDate "2007.05.06"]

1. d4 Nf6 2. c4 c5 3. d5 e5 4. Nc3 d6 5. e4 Be7 6. g3 O-O 7. Bg2 Nbd7 8. Nge2
a6 9. O-O Ne8 10. Be3 g6 11. Qd2 Ng7 12. f4 f5 13. Rae1 b5 14. cxb5 axb5 15.
Nxb5 Rxa2 16. Na3 Ba6 17. Rf2 Bxe2 18. Qxe2 Qb8 19. Nc4 Bf6 20. g4 Bh4 21. exf5
Bxf2+ 22. Bxf2 gxf5 23. fxe5 Nxe5 24. Nxe5 dxe5 25. Bxc5 Rxb2 26. Qxe5 Qxe5 27.
Rxe5 Ra8 28. Bd4 Rd2 29. d6 Rc8 30. d7 Rc1+ 31. Bf1 Rxd4 32. Re8+ Kf7 33. d8=Q
Rxd8 34. Rxd8 fxg4 35. Rd7+ Kf6 36. Kf2 h5 37. Bd3 Rc6 38. Be4 Rb6 39. Kg3 Ne6
40. Rd2 Rb3+ 41. Rd3 Rb5 42. Rd5 Rb3+ 43. Rd3 Rb4 44. Bg2 Nf4 45. Rd8 h4+ 46.
Kxg4 Nxg2+ 47. Kf3 Ne1+ 48. Ke2 Nc2 49. Kd3 Na3 50. Ke3 Nc4+ 51. Kf3 Ne5+ 52.
Kg2 Kg5 53. Rd5 Rb2+ 54. Kh3 Rb3+ 55. Kg2 Re3 56. Rd8 h3+ 57. Kg1 Ng4 58. Rg8+
Kf4 59. Rf8+ Ke4 60. Re8+ Kf3 61. Rxe3+ Nxe3 62. Kh1 Nd1 63. Kg1 Nf2 64. Kf1
Ng4 65. Kg1 Ke2 66. Kh1 1/2-1/2

[Event "España ch Universitario 2007"]
[Site "Cartagena ESP"]
[Date "2007.05.09"]
[Round "7.20"]
[White "Prol Nogueira, Iago"]
[Black "Paredes Sanchez, Juan"]
[Result "1-0"]
[WhiteElo "2183"]
[BlackElo "2215"]
[PlyCount "45"]
[EventDate "2007.05.06"]
[EventType "swiss"]
[EventRounds "9"]
[EventCountry "ESP"]
[Source "lmi"]
[SourceDate "2007.05.06"]

1. e4 c5 2. Nc3 a6 3. a4 Nc6 4. f4 g6 5. Nf3 Bg7 6. Bc4 e6 7. O-O Nge7 8. d3
O-O 9. Qe1 d5 10. Bb3 Rb8 11. f5 c4 12. dxc4 dxe4 13. f6 Bxf6 14. Nxe4 Bg7 15.
Bg5 f6 16. Bd2 Kh8 17. Rd1 Qc7 18. Bc3 e5 19. c5 Nf5 20. Nh4 Nfd4 21. Nxg6+
hxg6 22. Qh4+ Bh6 23. Qxh6+ 1-0

[Event "España ch Universitario 2007"]
[Site "Cartagena ESP"]
[Date "2007.05.09"]
[Round "7.21"]
[White "Gonzalez Diez, Ruben"]
[Black "Tamayo Romay, Francisco Javier"]
[Result "0-1"]
[WhiteElo "2115"]
[BlackElo "2210"]
[PlyCount "58"]
[EventDate "2007.05.06"]
[EventType "swiss"]
[EventRounds "9"]
[EventCountry "ESP"]
[Source "lmi"]
[SourceDate "2007.05.06"]

1. d4 f5 2. Bg5 g6 3. e3 Bg7 4. Bd3 Nf6 5. Nd2 c6 6. h4 d5 7. Nh3 Ne4 8. Bf4
Bf6 9. h5 g5 10. Bxb8 Rxb8 11. h6 Qd6 12. Bxe4 fxe4 13. Qh5+ Kd8 14. Nxg5 Be6
15. Nxe6+ Qxe6 16. Qh2 Kd7 17. Rc1 b5 18. Nb3 Qd6 19. Nc5+ Kd8 20. Qh3 e5 21.
c3 Ke7 22. Ke2 b4 23. c4 exd4 24. exd4 Bxd4 25. Na6 Rbf8 26. cxd5 Rxf2+ 27. Ke1
c5 28. Qh4+ Qf6 29. Nxb4 Rf1+ 0-1

[Event "España ch Universitario 2007"]
[Site "Cartagena ESP"]
[Date "2007.05.09"]
[Round "7.22"]
[White "Burguete Archel, Eduardo"]
[Black "Fernandez Barrera, Victor"]
[Result "0-1"]
[WhiteElo "2161"]
[BlackElo "2202"]
[PlyCount "29"]
[EventDate "2007.05.06"]
[EventType "swiss"]
[EventRounds "9"]
[EventCountry "ESP"]
[Source "lmi"]
[SourceDate "2007.05.06"]

1. e4 e6 2. d4 d5 3. e5 c5 4. c3 Qb6 5. Nf3 Nc6 6. Be2 cxd4 7. cxd4 Nh6 8. Bxh6
Qxb2 9. Nbd2 gxh6 10. O-O Bg7 11. Qa4 Qb4 12. Qc2 O-O 13. a3 Nxd4 14. Nxd4 Qxd4
15. g3 0-1

[Event "España ch Universitario 2007"]
[Site "Cartagena ESP"]
[Date "2007.05.09"]
[Round "7.23"]
[White "Jimenez Martinez, Jose Vicente"]
[Black "Alvarez Lopez, Carlos"]
[Result "1-0"]
[WhiteElo "2202"]
[BlackElo "1879"]
[PlyCount "105"]
[EventDate "2007.05.06"]
[EventType "swiss"]
[EventRounds "9"]
[EventCountry "ESP"]
[Source "lmi"]
[SourceDate "2007.05.06"]

1. d4 e6 2. c4 d5 3. Nf3 c6 4. Nc3 Bd6 5. a3 a6 6. e4 dxc4 7. Bxc4 b5 8. Ba2
Bb7 9. O-O Ne7 10. Bg5 h6 11. Bh4 a5 12. e5 Bc7 13. Ne4 Na6 14. Rc1 Rc8 15. Qd3
Qd7 16. Bf6 Kf8 17. Bxe7+ Qxe7 18. Nfd2 Rd8 19. f4 Bb6 20. Nd6 Rxd6 21. exd6
Qxd6 22. Nf3 g6 23. Qe4 Kg7 24. Kh1 Rd8 25. Rfd1 Kg8 26. h4 Qe7 27. Qe5 c5 28.
d5 Bc7 29. Qe3 c4 30. dxe6 Rxd1+ 31. Rxd1 Bxf3 32. exf7+ Kxf7 33. Qxf3 Qxh4+
34. Kg1 Qe7 35. Qd5+ Qe6 36. Qxb5 Bb6+ 37. Kh2 Qg4 38. Bxc4+ Kf8 39. Qxb6 Qh5+
40. Kg3 Qxd1 41. Qf6+ Ke8 42. Qxg6+ Kd7 43. Qe6+ Kc7 44. Bxa6 Kd8 45. f5 h5 46.
Qe2 Qd6+ 47. Kh3 Qf4 48. Qd3+ Ke8 49. Bb5+ Kf8 50. Qd8+ Kg7 51. f6+ Kg6 52.
Bd3+ Kg5 53. f7+ 1-0

[Event "España ch Universitario 2007"]
[Site "Cartagena ESP"]
[Date "2007.05.09"]
[Round "7.24"]
[White "Rabadan Velasco, Raul"]
[Black "Massanet Massanet, Sebastian"]
[Result "1-0"]
[WhiteElo "2281"]
[BlackElo "2140"]
[PlyCount "87"]
[EventDate "2007.05.06"]
[EventType "swiss"]
[EventRounds "9"]
[EventCountry "ESP"]
[Source "lmi"]
[SourceDate "2007.05.06"]

1. d4 Nf6 2. c4 g6 3. Nc3 d5 4. Nf3 Bg7 5. e3 O-O 6. b4 c6 7. Bb2 Nbd7 8. Rc1
h6 9. h3 Ne4 10. Bd3 f5 11. cxd5 Nxc3 12. Bxc3 cxd5 13. O-O Nf6 14. Ne5 Kh7 15.
b5 Ne4 16. Be1 Qd6 17. f3 Nf6 18. Qb3 Nd7 19. Bb4 Qe6 20. Rc7 Bxe5 21. dxe5
Qxe5 22. Rfc1 Re8 23. Bb1 Nb6 24. f4 Qe6 25. Bc5 Nc4 26. Bd3 Nd6 27. Bd4 Ne4
28. Qb4 Qd6 29. Qb2 Be6 30. Rxb7 Rec8 31. Rxa7 Rxc1+ 32. Qxc1 Rc8 33. Qb2 g5
34. Ra6 Qd7 35. Ra7 Qd6 36. Ra6 Qd7 37. Qa3 Rc7 38. b6 Rb7 39. Ra7 Nd6 40. Rxb7
Nxb7 41. Qa8 gxf4 42. Qh8+ Kg6 43. Qg7+ Kh5 44. Be2+ 1-0

[Event "España ch Universitario 2007"]
[Site "Cartagena ESP"]
[Date "2007.05.09"]
[Round "7.25"]
[White "Pazos Porta, Antonio"]
[Black "Cortes Lizano, Jesus"]
[Result "1/2-1/2"]
[WhiteElo "2129"]
[BlackElo "2247"]
[PlyCount "47"]
[EventDate "2007.05.06"]
[EventType "swiss"]
[EventRounds "9"]
[EventCountry "ESP"]
[Source "lmi"]
[SourceDate "2007.05.06"]

1. Nc3 c5 2. e4 d6 3. g3 Nf6 4. Bg2 g6 5. d3 Bg7 6. f4 Nc6 7. Nf3 Bg4 8. h3
Bxf3 9. Qxf3 Nd7 10. O-O O-O 11. Ne2 Nd4 12. Nxd4 cxd4 13. h4 Rc8 14. Rf2 Rc5
15. Bh3 Qc7 16. b4 Rc3 17. Bb2 Rc6 18. Rd2 Nb6 19. Qf2 e5 20. a4 a5 21. b5 Rc5
22. Ba3 Rc3 23. Bb2 Rc5 24. Ba3 1/2-1/2

[Event "España ch Universitario 2007"]
[Site "Cartagena ESP"]
[Date "2007.05.09"]
[Round "7.26"]
[White "Paredes Cordo, Jacobo Borja"]
[Black "Sarralde Osua, Rodrigo"]
[Result "1-0"]
[WhiteElo "2211"]
[BlackElo "2139"]
[PlyCount "115"]
[EventDate "2007.05.06"]
[EventType "swiss"]
[EventRounds "9"]
[EventCountry "ESP"]
[Source "lmi"]
[SourceDate "2007.05.06"]

1. e4 c5 2. Nf3 d6 3. d4 cxd4 4. Nxd4 Nf6 5. Nc3 a6 6. Bc4 e6 7. O-O b5 8. Bb3
b4 9. Na4 Nxe4 10. Qf3 d5 11. Bf4 Bd6 12. Rad1 Bb7 13. Bxd6 Qxd6 14. Rfe1 O-O
15. Qh5 Nf6 16. Qh4 Nbd7 17. c4 Rac8 18. Nf3 Rfd8 19. Ng5 h6 20. Ne4 Nxe4 21.
Rxe4 Nf6 22. Ree1 Qc6 23. c5 Rc7 24. Qxb4 Re8 25. Qf4 Rce7 26. f3 e5 27. Qg3 e4
28. fxe4 Rxe4 29. Rxe4 Rxe4 30. Rd2 Rxa4 31. Bxa4 Qxa4 32. Qb8+ Qe8 33. Qxe8+
Nxe8 34. b4 Bc6 35. Kf2 Nf6 36. Ke3 Kf8 37. Kd4 Ke7 38. h3 Kd7 39. Rf2 Ke6 40.
a3 Ne4 41. Ra2 Ba4 42. Re2 f5 43. Re1 g5 44. Rc1 Bc6 45. a4 Bxa4 46. c6 Nd6 47.
Re1+ Ne4 48. Rc1 Nd6 49. Re1+ Ne4 50. Rc1 Nd6 51. Re1+ Kf6 52. Kxd5 Nc8 53.
Re6+ Kf7 54. Rxh6 Ne7+ 55. Kc5 f4 56. c7 Nc8 57. Rxa6 Bd7 58. b5 1-0

[Event "España ch Universitario 2007"]
[Site "Cartagena ESP"]
[Date "2007.05.09"]
[Round "7.27"]
[White "Aymerich Rosell, Pablo"]
[Black "Pita-Romero Rodriguez, Rafael"]
[Result "1-0"]
[WhiteElo "2208"]
[BlackElo "2135"]
[PlyCount "67"]
[EventDate "2007.05.06"]
[EventType "swiss"]
[EventRounds "9"]
[EventCountry "ESP"]
[Source "lmi"]
[SourceDate "2007.05.06"]

1. d4 f5 2. c4 Nf6 3. g3 g6 4. Bg2 Bg7 5. Nc3 d6 6. Nf3 O-O 7. O-O c6 8. d5 e5
9. dxe6 Bxe6 10. b3 Ne4 11. Nxe4 Bxa1 12. Nxd6 Bg7 13. Nxb7 Qe7 14. Ng5 Bc8 15.
Nd6 h6 16. Nxc8 Rxc8 17. Nh3 g5 18. Qd3 Qf6 19. e4 Rd8 20. Qc2 f4 21. Qe2 fxg3
22. fxg3 Qe6 23. Qh5 Qe8 24. Qg4 Nd7 25. Qf5 Ne5 26. Bb2 Nf3+ 27. Bxf3 Bxb2 28.
Nf2 Kg7 29. Ng4 Qe7 30. e5 Rf8 31. Nf6 Rxf6 32. exf6+ Bxf6 33. Be4 Re8 34. Qg6+
1-0

[Event "España ch Universitario 2007"]
[Site "Cartagena ESP"]
[Date "2007.05.09"]
[Round "7.28"]
[White "Vilanova Corbi, Jorge"]
[Black "Zamarbide Iñarrea, Borja"]
[Result "1/2-1/2"]
[WhiteElo "2125"]
[BlackElo "2202"]
[PlyCount "84"]
[EventDate "2007.05.06"]
[EventType "swiss"]
[EventRounds "9"]
[EventCountry "ESP"]
[Source "lmi"]
[SourceDate "2007.05.06"]

1. d4 e6 2. c4 b6 3. Nf3 Bb7 4. a3 f5 5. g3 Nf6 6. Bg2 Be7 7. O-O O-O 8. Nc3
Qe8 9. Nb5 Bd8 10. b4 d6 11. Nc3 Nbd7 12. d5 Ne4 13. Bb2 Nxc3 14. Bxc3 e5 15.
Nd2 Bf6 16. e4 f4 17. g4 Qg6 18. f3 h5 19. h3 hxg4 20. fxg4 Bh4 21. Nf3 Bg3 22.
Qe2 Nf6 23. Nh2 Nh7 24. Nf3 Ng5 25. Nxg5 Qxg5 26. Rf3 Ba6 27. Bd2 Qh4 28. Rc3
f3 29. Bxf3 Qxh3 30. Qg2 Qh4 31. Rf1 Rf6 32. Be2 Bf4 33. Rh3 Qg5 34. Rh5 Be3+
35. Kh2 Rh6 36. Bxe3 Qxe3 37. Qf3 Qxf3 38. Rxf3 Rxh5+ 39. gxh5 Bc8 40. Kg3 a5
41. b5 Bd7 42. Kh4 Re8 1/2-1/2

[Event "España ch Universitario 2007"]
[Site "Cartagena ESP"]
[Date "2007.05.09"]
[Round "7.29"]
[White "Perez Mauricio, Xoel"]
[Black "Gimeno Higueras, Roberto"]
[Result "1/2-1/2"]
[WhiteElo "2120"]
[BlackElo "2198"]
[PlyCount "150"]
[EventDate "2007.05.06"]
[EventType "swiss"]
[EventRounds "9"]
[EventCountry "ESP"]
[Source "lmi"]
[SourceDate "2007.05.06"]

1. Nf3 d5 2. d4 Nf6 3. c4 dxc4 4. e3 e6 5. Bxc4 c5 6. Nc3 cxd4 7. exd4 Be7 8.
O-O Nc6 9. Re1 O-O 10. a3 Nd5 11. Qd3 Bf6 12. Bb3 Nde7 13. Bc2 Ng6 14. Be3 b6
15. Ne4 Bb7 16. Nxf6+ gxf6 17. Rad1 Nce7 18. Bc1 Qd5 19. Bb3 Qh5 20. Nd2 Bxg2
21. Ne4 Bxe4 22. Qxe4 Rfd8 23. Rd3 Rac8 24. Bd2 f5 25. Qb7 Qg4+ 26. Rg3 Qxd4
27. Bc3 Qd7 28. Qf3 Nd5 29. h4 Nxc3 30. bxc3 Kh8 31. h5 Ne7 32. Qf4 Ng8 33.
Qe5+ f6 34. Qxe6 Qxe6 35. Rxe6 f4 36. Rf3 Rc5 37. Kg2 Rg5+ 38. Kf1 Rxh5 39.
Rxf4 Rh3 40. Rc4 Rh5 41. Rc7 Rb5 42. Bc2 Rh5 43. Rxa7 Rd2 44. Bb3 Rb5 45. Ba4
Rbb2 46. Bc6 Rxf2+ 47. Kg1 Rfc2 48. Re1 Rxc3 49. Bd5 Rg3+ 50. Kh1 Rb5 51. Kh2
Rg4 52. Bf7 Rbg5 53. Re3 Rg2+ 54. Kh3 Rg1 55. Kh2 R5g2+ 56. Kh3 f5 57. Re8 Rg4
58. Rxg8+ Rxg8 59. Bxg8 Kxg8 60. Rb7 Rg6 61. Rd7 Rf6 62. Kg3 h5 63. Kf4 h4 64.
Kg5 Rf7 65. Rd8+ Kg7 66. Kxh4 Kg6 67. Kg3 Kg5 68. Rb8 Rf6 69. Rb7 Rc6 70. Rg7+
Rg6 71. Ra7 Kf6+ 72. Kf4 Rg4+ 73. Kf3 Rc4 74. Ra6 Rc3+ 75. Kf4 Rb3 1/2-1/2

[Event "España ch Universitario 2007"]
[Site "Cartagena ESP"]
[Date "2007.05.09"]
[Round "7.35"]
[White "Garcia Brion, Eduardo"]
[Black "Molina Ballester, Sergio"]
[Result "1-0"]
[WhiteElo "2157"]
[BlackElo "2007"]
[PlyCount "52"]
[EventDate "2007.05.06"]
[EventType "swiss"]
[EventRounds "9"]
[EventCountry "ESP"]
[Source "lmi"]
[SourceDate "2007.05.06"]

1. e4 c5 2. Nf3 d6 3. d4 cxd4 4. Nxd4 Nf6 5. Nc3 a6 6. Bc4 e6 7. Be3 Be7 8. Bb3
O-O 9. Qe2 Nbd7 10. O-O-O Nc5 11. f3 Qc7 12. g4 b5 13. g5 Nfd7 14. h4 Rb8 15.
h5 b4 16. Nd5 Nxb3+ 17. axb3 exd5 18. Nf5 Nc5 19. Rxd5 Be6 20. Rdd1 Nxb3+ 21.
Kb1 Na5 22. Bd4 Rfe8 23. g6 b3 24. c3 Nc4 25. h6 fxg6 26. hxg7 gxf5 1-0

[Event "España ch Universitario 2007"]
[Site "Cartagena ESP"]
[Date "2007.05.09"]
[Round "7.41"]
[White "Dougan Maho, Harold"]
[Black "Martinez Fernandez, Silverio"]
[Result "1-0"]
[WhiteElo "2232"]
[BlackElo "2042"]
[PlyCount "27"]
[EventDate "2007.05.06"]
[EventType "swiss"]
[EventRounds "9"]
[EventCountry "ESP"]
[Source "lmi"]
[SourceDate "2007.05.06"]

1. e4 c5 2. f4 a6 3. Nf3 d5 4. exd5 Nf6 5. Ne5 Nxd5 6. Bc4 e6 7. Qf3 Nb4 8. Bb3
N8c6 9. O-O Nd4 10. Ba4+ Bd7 11. Qxb7 Nb5 12. Nxd7 Ra7 13. Nf6+ gxf6 14. Qxa7
1-0

[Event "España ch Universitario 2007"]
[Site "Cartagena ESP"]
[Date "2007.05.09"]
[Round "7.54"]
[White "Lorente Peñalva, Diego"]
[Black "Garcia Rodriguez, Dario"]
[Result "1-0"]
[WhiteElo "2149"]
[BlackElo "2031"]
[PlyCount "41"]
[EventDate "2007.05.06"]
[EventType "swiss"]
[EventRounds "9"]
[EventCountry "ESP"]
[Source "lmi"]
[SourceDate "2007.05.06"]

1. e4 c5 2. Nc3 e6 3. f4 d5 4. e5 d4 5. Ne4 Nh6 6. Nf3 Nf5 7. Bc4 Be7 8. d3 O-O
9. O-O Nd7 10. Kh1 Nb6 11. Bb3 Nd5 12. Bxd5 exd5 13. Neg5 f6 14. Nh3 Qe8 15. c3
Qh5 16. cxd4 Ng3+ 17. hxg3 Bxh3 18. gxh3 Qxh3+ 19. Nh2 fxe5 20. dxe5 Rf5 21.
Qg4 1-0

[Event "España ch Universitario 2007"]
[Site "Cartagena ESP"]
[Date "2007.05.09"]
[Round "8.1"]
[White "Reinaldo Castineira, Roi"]
[Black "Gonzalez Somoza, Oliver"]
[Result "1/2-1/2"]
[WhiteElo "2452"]
[BlackElo "2309"]
[PlyCount "159"]
[EventDate "2007.05.06"]
[EventType "swiss"]
[EventRounds "9"]
[EventCountry "ESP"]
[Source "lmi"]
[SourceDate "2007.05.06"]

1. e4 c5 2. Nc3 e6 3. Nf3 a6 4. d4 cxd4 5. Nxd4 Nc6 6. Be2 Qc7 7. O-O Nf6 8.
Kh1 Bb4 9. Nxc6 Qxc6 10. e5 Bxc3 11. bxc3 Qxc3 12. Bf4 Nd5 13. Bg3 b5 14. Rb1
Bb7 15. Rb3 Qc6 16. Bf3 Rc8 17. Be4 Qc4 18. Bd3 Qd4 19. Qd2 h6 20. Re1 Rc3 21.
f3 Rxb3 22. axb3 Qc3 23. Qf2 O-O 24. Be4 Ra8 25. f4 g6 26. Qe2 a5 27. Qxb5 Bc6
28. Qe2 Nb4 29. Bxc6 Nxc6 30. Rd1 Nb4 31. Rxd7 Qxc2 32. Qxc2 Nxc2 33. Bf2 Nb4
34. g3 Nd5 35. Ra7 Rb8 36. Rxa5 Rxb3 37. Ra4 Kg7 38. Kg2 Rc3 39. Rd4 Ra3 40.
Rc4 Rb3 41. Ra4 g5 42. fxg5 hxg5 43. Rg4 Kh6 44. h4 gxh4 45. Rxh4+ Kg6 46. Kf1
Kf5 47. Rh5+ Ke4 48. Kg2 Rb2 49. Rh7 Ne3+ 50. Kg1 Rb1+ 51. Kh2 Ng4+ 52. Kg2
Nxe5 53. Rh4+ Kd5 54. Rd4+ Kc6 55. Re4 Rb5 56. Bd4 Nd7 57. Re2 e5 58. Bc3 Kd5
59. Rf2 Ke6 60. Bd2 Rb3 61. Bh6 Nc5 62. Rf3 Rb2+ 63. Rf2 Rb8 64. Re2 Rg8 65.
Kf3 f5 66. Bd2 Nb3 67. Be3 e4+ 68. Kf2 Rc8 69. Rb2 Na1 70. Rb6+ Kf7 71. Rb7+
Kg8 72. Rb5 Rc2+ 73. Kf1 Rc3 74. Bf4 Rf3+ 75. Kg1 e3 76. Rb2 Rf2 77. Rb8+ Kf7
78. Bxe3 Re2 79. Bf4 Nc2 80. Rb7+ 1/2-1/2